Teoretyczne zagadnienia bibliologii i informatologii
| Titel: | Teoretyczne zagadnienia bibliologii i informatologii : studia i szkice / pod redakcja̜ Elżbiety Gondek |
|---|---|
| Beteiligt: | |
| Ausgabe: | Wydanie I |
| Veröffentlicht: | Katowice : Wydawnictwo Uniwersytetu Śla̜skiego, 2015 |
| Umfang: | 191 Seiten : Diagramme |
| Format: | Buch |
| Sprache: | Polnisch |
| Schriftenreihe/ mehrbändiges Werk: |
Prace naukowe Uniwersytetu Śla̜skiego w Katowicach ; nr 3237. Nauka o ksia̜żce i bibliotece |
| ISBN: | 9788380123656 |
alg: 54316855 001A $03025:24-03-26 001B $03025:24-03-26 $t12:11:16.000 001D $03025:24-03-26 001U $0utf8 001X $00 002@ $0Aax 002C $aText $btxt $2rdacontent 002D $aohne Hilfsmittel zu benutzen $bn $2rdamedia 002E $aBand $bnc $2rdacarrier 003@ $0543168557 004A $A978-83-8012-365-6 007A $0878952527 $aGBV 010@ $apol 010E $erda 011@ $a2015 $n2015 013D $#Beiträge Formschlagwort $#Einzelbeiträge $#Sammelwerk Formschlagwort $74143413-4 $8Aufsatzsammlung [Tsz] $9085562742 021A $aTeoretyczne zagadnienia bibliologii i informatologii $dstudia i szkice $hpod redakcja̜ Elżbiety Gondek 028C $BHerausgeber $#Gondek, Elżbieta Czesława $#Gondek, Ėl'žbeta $4edt $71158154224 $8Gondek, Elżbieta$Z1947- [Tp3] $9430028512 032@ $aWydanie I 033A $pKatowice $nWydawnictwo Uniwersytetu Śla̜skiego 034D $a191 Seiten 034M $aDiagramme 036E $aPrace naukowe Uniwersytetu Śla̜skiego w Katowicach $lnr 3237. Nauka o ksia̜żce i bibliotece 044A $aBooks $S#0 $N650 044A $aBooks and reading $S#0 $N650 044A $aInformation science $S#0 $N650 044K $qK10plus $RDruckwerk $RLiteratur $#Books and reading $#Books $#Livres et lecture $#Livres $#Libri $#Libros $#Buch $#Buch $#Buch $#Buchwesen $#Bücher $74008570-3 $8Buch [Ts1] $9085014990 044K $qK10plus $RKommunikation $RDokumentation $RInformation und Dokumentation $RNachricht $#Information $#Information $#Informationswesen $#Information $#Information und Kommunikation $#Kurzinformation $#Informationswesen $74026899-8 $8Information [Ts1] $9085067679 044K $RBuchwissenschaftler $#Bibliologie $#Buchkunde $#Buchforschung $74146819-3 $8Buchwissenschaft [Ts1] $9085590282 044K $RInformation und Dokumentation $#Informationswissenschaft $#Informationswissenschaft $#Informations- und Kommunikationswissenschaften $#Dokumentationswissenschaft $#Informatik Dokumentation $#Informationswissenschaft $74128313-2 $8Informations- und Dokumentationswissenschaft [Ts1] $9085444871 045A $aZ4 045F $a020.9 $eDDC23BSB 045F/01 $a020 046L $aZusammenfassung in englischer und deutscher Sprache lok: 54316855 78 exp: 54316855 78 1 #EPN 201B/01 $024-03-26 $t12:10:10.000 201C/01 $024-03-26 201U/01 $0utf8 203@/01 $01339016362 208@/01 $a24-03-26 $be 209A/01 $a/ $f000 $x00 209A/01 $ab*p $x01 220C/01 $apgar 244Z/01 $#Generalgouvernement Polen $#Polska $#Rzeczpospolita Polska $#Polska Rzeczpospolita Ludowa $#Poland $#Pologne $#République Polonaise $#Generalne Gubernatorstwo w Polsce $#Polish People's Republic $#Polska Rzeczpospolita Polen $#PRL $#RP $#Polen Generalgouvernement $#Polska Generalgouvernement $#Besetzte Polnische Gebiete $#Besetztes Gebiet in Polen $#Okupowane Polskie Obszary $#Obszary Okupowane w Polsce $#Volksrepublik Polen $#Polska Rosyjska $#Republic Polen $#Respublika Pol'ša $#Pol'skaja Narodnaja Respublika $#République de Pologne $#Polen Links der Weichsel $#Polska po Lewej Stronie Wisły $#Lenkija $#Polija $#Gubernija Carstva Pol'skago $#Republik Polen $74046496-9 $8--Tg1--Polen $x01 $9085129801 247C/01 $82080>Marburg/Lahn, Herder-Institut, Forschungsbibliothek, Bibliographieportal $9336309341
| LEADER | 00000cam a22000002c 4500 | ||
|---|---|---|---|
| 001 | 543168557 | ||
| 003 | DE-603 | ||
| 005 | 20260324121116.0 | ||
| 007 | tu | ||
| 008 | 260324s2015 xx |||| | u00||u|pol c | ||
| 020 | |a 9788380123656 | ||
| 035 | |a (DE-599)GBV878952527 | ||
| 040 | |a DE-603 |b ger |c DE-603 |d DE-603 |e rda | ||
| 041 | |a pol | ||
| 050 | 0 | |a Z4 | |
| 082 | 0 | 4 | |8 1\u |a 020.9 |q DE-101 |2 23/BSB |
| 085 | |8 1\u |b 020 | ||
| 245 | 0 | 0 | |a Teoretyczne zagadnienia bibliologii i informatologii |b studia i szkice |c pod redakcja̜ Elżbiety Gondek |
| 250 | |a Wydanie I | ||
| 264 | 1 | |a Katowice |b Wydawnictwo Uniwersytetu Śla̜skiego |c 2015 | |
| 300 | |a 191 Seiten |b Diagramme | ||
| 336 | |a Text |b txt |2 rdacontent | ||
| 337 | |a ohne Hilfsmittel zu benutzen |b n |2 rdamedia | ||
| 338 | |a Band |b nc |2 rdacarrier | ||
| 490 | 0 | |a Prace naukowe Uniwersytetu Śla̜skiego w Katowicach |v nr 3237. Nauka o ksia̜żce i bibliotece | |
| 546 | |a Zusammenfassung in englischer und deutscher Sprache | ||
| 650 | 7 | |a Buch |0 (DE-588)4008570-3 |0 (DE-603)085014990 |2 gnd | |
| 650 | 7 | |a Information |0 (DE-588)4026899-8 |0 (DE-603)085067679 |2 gnd | |
| 650 | 7 | |a Buchwissenschaft |0 (DE-588)4146819-3 |0 (DE-603)085590282 |2 gnd | |
| 650 | 7 | |a Informations- und Dokumentationswissenschaft |0 (DE-588)4128313-2 |0 (DE-603)085444871 |2 gnd | |
| 655 | 7 | |a Aufsatzsammlung |2 gnd-content |0 (DE-588)4143413-4 |0 (DE-603)085562742 | |
| 700 | 1 | |a Gondek, Elżbieta |d 1947- |e Herausgeber |4 edt |0 (DE-603)430028512 |0 (DE-588)1158154224 |2 gnd | |
| 924 | 0 | |9 2080 |a (DE-603)1339016362 |b DE-2080 |c HES |d d |g / | |


